Anketa Česká značka
Výskum Česká značka, v ktorom sa sledovali tri kategórie - značka, ktorá sa za posledných 12 mesiacov najviac zaryla do pamäte Čechov svojim nezameniteľným spôsobom, najviac tradičná značka a značka, na ktorú sú Česi najviac hrdí. Značky, ktoré sa pozitívne zapísali do pamäte českého národa.
Saved in:
| Main Author: | |
|---|---|
| Format: | Book Chapter |
| Language: | Czech |
| Subjects: | |
| Tags: |
No Tags, Be the first to tag this record!
|
MARC
| LEADER | 00000naa a2200000 4500 | ||
|---|---|---|---|
| 001 | 0258830 | ||
| 005 | 20191008133548.3 | ||
| 041 | 0 | |a cze | |
| 044 | |a CZ | ||
| 245 | 1 | 0 | |a Anketa Česká značka |c Lenka Harmon |
| 520 | |a Výskum Česká značka, v ktorom sa sledovali tri kategórie - značka, ktorá sa za posledných 12 mesiacov najviac zaryla do pamäte Čechov svojim nezameniteľným spôsobom, najviac tradičná značka a značka, na ktorú sú Česi najviac hrdí. Značky, ktoré sa pozitívne zapísali do pamäte českého národa. | ||
| 610 | 2 | 0 | |a značky |
| 610 | 2 | 0 | |a výskum |
| 610 | 2 | 0 | |a história |
| 610 | 2 | 0 | |a národ |
| 610 | 2 | 0 | |a firmy |
| 610 | 2 | 0 | |a Česko |
| 100 | 1 | |a Harmon, Lenka | |